Quizzes
Events
Quiz Creation
Community
Videos
Private Events
Remove Ads
Sign In
Join for FREE
Feedback
Dark Mode
Quiz Categories
Sports
Geography
Music
Movies
Television
Just For Fun
Miscellaneous
History
Literature
Language
Science
Gaming
Entertainment
Religion
Holiday
For Kids
Quiz Lab
Recent
Popular Today
Quiz Kudos Today
Editor Picks
Curator Picks
Quizzes by...
Day
Popularity
Type
Ratings
Length
Year
Community
Subscriptions
Recent Discussions
Orange Saloon
Badges
Playlists
Quests
Create
Leaderboards
Showdown
Live 5
Trivia Bingo
Activity
Puzzle Library
Sporcle Events
Private Events
Virtual Trivia
Globe League
Become a Host
Pub Owners
SporcleCon
Opinionation
Our Games
Videos
Blog
Mobile Apps
Partnerships
Remove Ads and Go Orange
Feedback
Sports
Athletes
MLB
NBA
NHL
NFL
Soccer
Sports Teams
WWE
NCAA
Football
Premier League
Basketball
Baseball
Hockey
Golf
Tennis
Cricket
Rugby
Auto Racing
Olympics
World Cup
Sports
Athletes
MLB
NBA
NHL
NFL
Soccer
Sports Teams
WWE
NCAA
Football
Premier League
Basketball
Baseball
Hockey
Golf
Tennis
Cricket
Rugby
Auto Racing
Olympics
World Cup
Random Quiz
Search Sporcle
×
Quiz Lab
Quiz Lab
Sports
MLB
Select answers by clicking on text or image buttons
Select answers by clicking on text or image buttons
Clickable
Best Score? Go Orange.
2014 MLB Deadline Deals Stats
Can you pick the team that acquired each player on or shortly before the July 31, 2014 trade deadline?
By
redsoxfan34
10m
44 Questions
189 Plays
189 Plays
189 Plays
Comments
Comments
Give Quiz Kudos
Give Quiz Kudos
-
- Ratings
hide this ad
More Info
Forced Order
Answers have to be entered in order
Answers have to be entered in order
Replay
Link that replays current quiz
Next Quiz
Link to next quiz in quiz playlist
You Got
0%
They Got
Avg Score
60%
Avg Friend Score
Upgrade to see
Score Distribution
Jump to the score distribution portion of the page
Score
0/44
Timer
10:00
0
Plays Today
% Correct
Oakland Athletics
84.7%
New York Yankees
83.1%
Detroit Tigers
79.9%
Oakland Athletics
77.2%
New York Yankees
76.2%
St. Louis Cardinals
76.2%
San Francisco Giants
75.1%
Seattle Mariners
73%
Tampa Bay Rays
73%
Detroit Tigers
72%
St. Louis Cardinals
70.9%
Boston Red Sox
70.9%
New York Yankees
70.4%
Washington Nationals
69.3%
Seattle Mariners
68.3%
Boston Red Sox
67.7%
Boston Red Sox
65.1%
Milwaukee Brewers
64%
San Diego Padres
61.9%
New York Yankees
61.4%
Chicago Cubs
60.3%
Oakland Athletics
60.3%
% Correct
Boston Red Sox
60.3%
Tampa Bay Rays
60.3%
Houston Astros
59.3%
Atlanta Braves
58.2%
Seattle Mariners
57.7%
Miami Marlins
57.7%
Atlanta Braves
57.1%
Boston Red Sox
56.1%
Los Angeles Angels
56.1%
Los Angeles Dodgers
54.5%
Kansas City Royals
52.9%
Baltimore Orioles
51.9%
San Diego Padres
47.1%
Baltimore Orioles
47.1%
Kansas City Royals
44.4%
Cleveland Indians
44.4%
Minnesota Twins
43.4%
Minnesota Twins
42.9%
Toronto Blue Jays
37%
Miami Marlins
33.9%
Los Angeles Angels
32.8%
Kansas City Royals
25.9%
Quiz Playlist
Details
Report
Send in Message
Add To Playlist
More Info:
Only players with Major League experience prior to being traded are included.
Clickable:
Select answers by clicking on text or image buttons
Forced Order:
Answers have to be entered in order
Quiz Source
Last Updated: Feb 16, 2017
Quiz Scoreboard
CHALLENGE
Sign Up to Join the Scoreboard
Show All
Scores
Hide
Comments
May contain spoilers
Recently Published
Movies - When Are They Set?
by FPL_Elf
Movies
5m
Popular People in 1961
by mucciniale
History
6m
1-10 Letter E Words III
by El_Dandy
Language
2m
More to Explore
Quiz From the Vault
Featured Blog Post
Where Did the Easter Bunny Come From?
hide this ad
You Might Also Like...
Tags
Baseball Quiz
MLB Quiz
2014
deadline
MLB Player
trade
Traded
Trading
Today's Top Quizzes in Sports
Browse Sports
hide this ad
Today's Top Quizzes in MLB
Browse MLB
Top Contributed Quizzes in Sports
1
Les meilleurs buteurs des matchs entre le PSG et l’OM
2
FIFA Club World Cup Champions
3
Les entraîneurs de l'OM et du PSG au 21e siècle
4
2022 World Cup Stars
5
Name the Premier League winners with different clubs
6
La finale Lions - Afrique du Sud 2021
7
Criteria MLB: Left Handed Sluggers
8
Les joueurs passés par le LOSC et le RC Lens
9
Players with Multiple 50 Home Run Seasons
10
MLB Players with Two .350 Batting Average Seasons
Explore More
Trending Topics
NBA
Marvel
Harry Potter
Anime
Kpop
Crossword
Disney
The Office
NFL
WWE
Puzzle
Song
Pokémon
Soccer
Country
hide this ad
More By:
redsoxfan34
Quiz
Plays
Rating
Category
Featured
Created
200 HRs in 1 Ballpark
54,513
4.67
Sports
Mar 24, 2012
All-Time WAR All-Stars
10,566
4.60
Sports
Jul 7, 2013
MLB Combined No-Hitters
6,892
4.11
Sports
Jun 9, 2012
The Office Episodic Trivia (quite difficult)
5,734
3.67
Television
Apr 3, 2011
All-Time MLB Team (by WAR 2.0)
4,497
4.46
Sports
Jul 3, 2013
Go to Creator's Profile
Score Distribution
Quiz Creator Spotlight
redsoxfan34
Follow
Send a Message
Quizzes Created
-
Created Quiz Play Count
-
More By This Creator
Popular Quizzes Today
1
Find the US States - No Outlines Minefield
2
Find the Countries of Europe - No Outlines Minefield
3
The Countries of the World
4
Popular People in 1961
5
1-10 Letter E Words III
6
US States
7
Find the US States
8
One Thing in Common: World Cities II
More Sports Quizzes
Premier League on First Name Terms
Quiz Lab
Trending Quizzes
Risky Map Clicking: Least Populous States A-Z
1-10 Letter F Words
Humor Books: The Subtitles
1-10 Letter G Words
One Thing in Common: United Kingdom
Recently Updated
Leaping Animals
pecheneg
Reality TV Shows (A-Z)
bhenderson79
Rickey Henderson's Hall of Fame Teammates
pecheneg
Champions League XIs: Arsenal
pecheneg
Quick Pick: Celebrities in WWE's Hall of Fame
aduchscher
A-Z Keypad Blitz II
pecheneg
Multiple Oscar Actors
pecheneg
Mystery Phrase Blitz: Oscar 'Best Actors'
pecheneg
F. Scott Fitzgerald Novels
LTH
Pick 3 Villains
ddd62291
Trending Topics
Crossword
Disney
Kpop
NBA
Harry Potter
Marvel
Anime
Song
NFL
Soccer
The Office
Pokémon
WWE
Country
Puzzle
Your Account Isn't Verified!
In order to create a playlist on Sporcle, you need to verify the email address you used during registration. Go to your
Sporcle Settings
to finish the process.
Report this User
Report this user for behavior that violates our
Community Guidelines
.
Details:
Send Report
Go to the Sporcle.com Mobile Site →
Comments